00865nam a2200217 i 4500003000500000005001700005007000300022008004100025100004000066245009500106264007100201300001600272502009100288700003900379700004000418700003500458720003300493720004300526720003700569720004100606CSPC20231117145034.0ta231117s2022 ph a m 000 0 eng  aIbarbia, Maria Angelica G.dauthor. aThe academic performance of the working students at CSPC Buhi Campus /cMaria, Angelica G. aBuhi, Camarines Sur :bCamarines Sur Polytechnic Collleges,c2022. a70 leaves : aUndergraduate Theses (BSOA) Office Administration cCamarines Sur Polytechnic Colleges aZuñiga, John Lorence Y.eauthor. aIbarlin, James Leonard Y.eauthor.  aFulgueras, Amybeth B.eauthor. aVillar, Mariber M.eadviser. aSagala, Marimin N. epanelist chairman aSecundo, Rey O.epanelist member aInfante, Leonisa O.epanelist member